Working principles for an Islamic model in mass media communication /
Saved in:
| Main Author: | |
|---|---|
| Format: | Thesis |
| Language: | English |
| Published: |
[Maryland, MD] :
University of Maryland,
1994
|
| Subjects: | |
| Tags: |
Add Tag
No Tags, Be the first to tag this record!
|
| LEADER | 012960000a22003130004500 | ||
|---|---|---|---|
| 001 | 297240 | ||
| 005 | 20230420134013.0 | ||
| 008 | 040923t2000 mdu g 000 0 eng d | ||
| 035 | |a (Sirsi) 297240 | ||
| 040 | |a UIAM |b eng |e rda | ||
| 050 | 0 | 0 | |a P96.I84 |
| 100 | 1 | |a Barzinji, Suhaib Jamal, |e author |9 122632 | |
| 245 | 1 | 0 | |a Working principles for an Islamic model in mass media communication / |c by Suhaib Jamal al-Barzinji |
| 264 | 1 | |a [Maryland, MD] : |b University of Maryland, |c 1994 | |
| 300 | |a iv, 147 pages ; |c 30 cm. | ||
| 336 | |2 rdacontent |a text | ||
| 337 | |2 rdamedia |a unmediated | ||
| 338 | |2 rdacarrier |a volume | ||
| 500 | |a "Thesis sublitted in partial filfillment of the requirements for the degree of Master of Arts."--On title page. | ||
| 502 | |a Theses (M. A.)--University of Maryland, 1994 | ||
| 504 | |a Includes bibliographical references (pages 143-147). | ||
| 650 | 0 | |a Islam in mass media |9 6115 | |
| 650 | 0 | |a Mass media |x Religious aspects Islam |9 10740 | |
| 650 | 0 | |a Mass media in religion |z Islamic countries |9 66642 | |
| 655 | 0 | 7 | |a Theses, IIUM foreign |
| 900 | |a sar-irni | ||
| 942 | |2 lcc |n 0 | ||
| 999 | |c 432146 |d 464164 | ||
| 952 | |0 0 |6 T P 000096 I84 B296W 1994 |7 0 |8 THESES |9 756217 |a IIUM |b IIUM |c MULTIMEDIA |g 0.00 |o t P 96 I84 B296W 1994 |p 00000846344 |r 2017-10-19 |t 1 |v 0.00 |y THESIS | ||
